000 00414nam a2200145Ia 4500
008 230917s9999||||xx |||||||||||||| ||und||
040 _e142950
_aMAIN
041 _aEnglish
082 _a362.60973 L448C
100 _aLawton, M Powell
245 0 _aCommunity of planning for an aging society: Designing services and Facilites
260 _aAmerica
_bDowden,Hutchinson
_c1976
300 _a340p. p.
942 _cBK
999 _c181832
_d181832